[Event "FRA-chT4 0304"]
[Site "Champagne Ardenne"]
[Date "2004.02.01"]
[Round "5"]
[White "Collin, Patrick"]
[Black "Bourdens, Alain"]
[Result "1/2-1/2"]
[WhiteElo "1610"]
[BlackElo "1620"]
[PlyCount "151"]
[EventDate "2003.10.??"]
[EventRounds "6"]
[EventCountry "FRA"]
[SourceTitle "EXT 2005"]
[Source "ChessBase"]
[SourceDate "2004.11.15"]
[SourceVersion "1"]
[SourceVersionDate "2004.11.15"]
[SourceQuality "1"]

1. e4 e6 2. d4 d5 3. Nc3 Bb4 4. e5 c5 5. a3 Bxc3+ 6. bxc3 Nc6 7. Bb5 Nge7 8. Bg5 Qa5 9. Bxc6+ Nxc6 10. Bd2 c4 11. Ne2 Bd7 12. 0-0 0-0 13. f4 Ne7 14. Ng3 Ba4 15. f5 Nxf5 16. Nxf5 exf5 17. Rxf5 Bd7 18. Rf2 Rae8 19. Qb1 Bc6 20. Qb4 Qd8 21. Raf1 Re6 22. Rf4 f6 23. a4 a5 24. Qa3 Qd7 25. R1f3 Bxa4 26. exf6 Rfxf6 27. Rxf6 Rxf6 28. Rxf6 gxf6 29. Bh6 Qe8 30. Kf2 Kf7 31. g3 b6 32. Qd6 Kg6 33. Qf8 Qxf8 34. Bxf8 Bxc2 35. Kf3 Kf5 36. g4+ Kg5 37. Kg3 b5 38. Ba3 h5 39. h4+ Kg6 40. Kf4 hxg4 41. Kxg4 f5+ 42. Kg3 Kh5 43. Be7 Be4 44. Ba3 Bc2 45. Be7 Kg6 46. Kf4 Kf7 47. Ba3 Kf6 48. Bc5 Bd1 49. Ke3 Ke6 50. Kf4 Bg4 51. Ba3 Kd7 52. h5 Bxh5 53. Kxf5 Kc6 54. Kf4 Bg6 55. Ke3 Kd7 56. Kf4 Ke6 57. Kg5 Bc2 58. Bc5 Kd7 59. Kf4 Kc6 60. Ba3 Bd1 61. Ke3 Bh5 62. Kd2 Kd7 63. Bc5 Ke6 64. Ke3 Kf5 65. Ba3 Kg4 66. Bd6 Kh3 67. Kf2 Bg6 68. Kf3 Be4+ 69. Kf2 Kh4 70. Ba3 Kg4 71. Bd6 Bh1 72. Ke3 Kf5 73. Ba3 Ke6 74. Bc5 Kd7 75. Kd2 Kc6 76. Ba3 1/2-1/2

[Event "FRA-chT4 0102"]
[Site "Champagne Ardenne"]
[Date "2001.12.09"]
[Round "3"]
[White "Bourdens, Alain"]
[Black "Guerpillon, Louis"]
[Result "1/2-1/2"]
[WhiteElo "1590"]
[BlackElo "1760"]
[PlyCount "76"]
[EventDate "2002.10.??"]
[EventType "team"]
[EventRounds "7"]
[EventCountry "FRA"]
[SourceTitle "EXT 2005"]
[Source "ChessBase"]
[SourceDate "2004.11.15"]
[SourceVersion "1"]
[SourceVersionDate "2004.11.15"]
[SourceQuality "1"]

1. e4 e6 2. d4 d5 3. Nc3 Nf6 4. e5 Nfd7 5. f4 c5 6. Nce2 Nc6 7. c3 Be7 8. Nf3 0-0 9. Be3 Qb6 10. b3 a6 11. dxc5 Bxc5 12. Ned4 Qd8 13. Nxc6 bxc6 14. Bd4 a5 15. Bxc5 Nxc5 16. Nd4 Qb6 17. Bd3 Ba6 18. Bc2 Rfe8 19. Qf3 Nd7 20. Qh3 h6 21. g4 Nf8 22. Rg1 Ng6 23. g5 Nxf4 24. Qg3 hxg5 25. Qxg5 Ng6 26. h4 Qd8 27. Qxd8 Raxd8 28. Bxg6 fxg6 29. Nxc6 Rc8 30. Nxa5 Rxc3 31. Kd2 Rc5 32. b4 Rb5 33. Nc6 Bb7 34. a4 Rb6 35. b5 Bxc6 36. bxc6 Rxc6 37. Rxg6 Ra6 38. h5 Kh7 1/2-1/2